000 00259nam a22001217a 4500
008 170629b xxu||||| |||| 00| 0 eng d
041 _aeng
080 _a811
100 _a22
101 _aGJL
245 _aTREASURY OF ESSAY
_cCOMBS.H.C
942 _2udc
_cBK
999 _c19460
_d19460